Paroles de Atlas - MAB - Statistiques

Statistiques générales
  • Ce quiz a été pris 7 fois
  • Le résultat moyen est 128 sur 461
Statistiques - réponses
Parole % Correct
À
100%
à
100%
e
100%
m'
83%
mon
83%
N'
83%
j'
67%
l'
67%
le
67%
les
67%
me
67%
Me
67%
ne
67%
Ne
67%
on
67%
On
67%
qu'
67%
Que
67%
que
67%
son
67%
C'
50%
c'
50%
de
50%
est
50%
et
50%
la
50%
La
50%
Nous
50%
pas
50%
Vous
50%
vous
50%
vous,
50%
Ce
33%
ce
33%
confort
33%
il
33%
Moi
33%
monde
33%
personne
33%
porter
33%
qui
33%
ses
33%
suis
33%
touche
33%
y
33%
y,
33%
ai
17%
Atlas,
17%
Atlas
17%
avec
17%
chacun
17%
comment?
17%
Dans
17%
des
17%
dos
17%
équipe
17%
faire
17%
fais
17%
faites
17%
fardeau
17%
forme
17%
globe
17%
guerre
17%
intéresse,
17%
je
17%
Je
17%
mettre
17%
mort,
17%
Par
17%
petit
17%
regarde
17%
respecte
17%
rôle
17%
savez
17%
seul
17%
sur
17%
tarés
17%
un
17%
une
17%
vois
17%
Vos
17%
abdos
0%
Allez,
0%
allez,
0%
allez
0%
allez-
0%
Allons,
0%
alors
0%
Autant
0%
avez
0%
ayez
0%
billaud
0%
bios
0%
bosse
0%
canif
0%
ceux
0%
changer
0%
cieux
0%
climat
0%
commun
0%
Continuent
0%
contre
0%
croient
0%
croire
0%
dites
0%
emploi
0%
en
0%
encore
0%
engraisse
0%
enlever
0%
force
0%
gars,
0%
grande
0%
gueule
0%
Lâchez
0%
lombaires
0%
manif?
0%
manque
0%
même
0%
mêmes
0%
mesdames
0%
messieurs
0%
monstre
0%
naïfs
0%
nombre
0%
planète
0%
plat
0%
poids
0%
porterai
0%
portez
0%
Portez
0%
posées
0%
Pourquoi
0%
profiter
0%
Quitte
0%
reste
0%
rêver
0%
rien,
0%
Sauver
0%
semble
0%
seum
0%
si
0%
sommes
0%
sortez
0%
Soulever
0%
terrestre
0%
têtes
0%
tiendra
0%
tomates
0%
tombe
0%
tort,
0%
Tous
0%
voudrais
0%
voulez
0%
vouloir
0%
Aucun quiz correspondant
Distribution des résultats
% des personnes avec chaque résultat
Percentile par nombre de réponses
Votre historique - résultats
Vous n’avez pas pris ce quiz